header

The text of the Gospels in Clement of Alexandria (Record no. 2044)

MARC details
000 -LEADER
fixed length control field 02135nam a2200385 a 4500
082 04 - DEWEY DECIMAL CLASSIFICATION NUMBER
Classification number 226/.0486
100 1# - MAIN ENTRY--AUTHOR NAME
Personal name Cosaert, Carl P.,
245 14 - TITLE STATEMENT
Title The text of the Gospels in Clement of Alexandria
260 ## - PUBLICATION, DISTRIBUTION, ETC. (IMPRINT)
Place of publication Atlanta :
Name of publisher Society of Biblical Literature,
Year of publication c2008.
300 ## - PHYSICAL DESCRIPTION
Number of Pages xiv, 370 p.
490 1# - SERIES STATEMENT
Series statement The New Testament and the Greek Fathers ;
505 0# - FORMATTED CONTENTS NOTE
Formatted contents note Clement of Alexandria : the most learned of all -- Clement and the New Testament -- Introduction to the text and critical apparatus -- The Gospel text in Clement : text and apparatus -- Quantitative analysis -- Group profile analysis -- The typology of Clement's readings -- The transmission of the Gospels in Alexandria -- Appendix 1: Indeterminable gospel references -- Appendix 2: Catena fragments and Latin references -- Appendix 3: The Gospel text of Clement's opponents -- Appendix 4: Clement in the apparatus of NA27 and UBS4.
856 40 - ELECTRONIC LOCATION AND ACCESS
Uniform Resource Identifier http://site.ebrary.com/lib/rucke/Doc?id=10286061

No items available.

© 2026 Rongo University
Contact us: librarian | system librarian | Rongo university